000 00434nam a22001697a 4500
003 NUST - PNEC
005 20170116180935.0
008 150906b xxu||||| |||| 00| 0 eng d
020 _a-
040 _cLIBRARY
082 _a621.3192 JAC
100 _98507
_aJackson, H. W.
245 _aIntroduction to electric circuits
_cHerbert W. Jackson
250 _a2nd ed.
650 _98511
_aElectrical engineering
_xEE
942 _2ddc
_cBK
999 _c66037
_d66037